| 000 | 00479nam a2200181Ia 4500 | ||
|---|---|---|---|
| 008 | 191130s2010##################000#0#eng## | ||
| 020 | _a9780670917037 | ||
| 022 | _a2011925041 | ||
| 040 |
_aACL _cACL |
||
| 082 | _a302.4 YOU | ||
| 100 | _aYounge, Gary | ||
| 245 |
_aWho are we and should it matter in the 21st century? _cGary Younge |
||
| 260 |
_aLondon _bViking _c2010 |
||
| 300 | _a246 p | ||
| 990 | _adc0c5339ac10000c23aa7262c823dfdb | ||
| 991 | _a9999 | ||
| 999 |
_c95595 _d95595 |
||